000 00762nam a2200229Ia 4500
003 GCL
008 140319s9999 xx 000 0 ara d
020 _a3160278977
040 _aGCL /
_cGCL
082 0 4 _a658
_bم ا
100 1 _aمحمد احمد عبدالجواد
245 1 0 _aاسرار التميز الادارى والمهارى فى حياةالرسول /
_cمحمد احمد عبدالجواد
250 _aالاولى
260 _aالقاهرة :
_bدار البشير ،
_c2000
300 _a104 ص ؛
_c16 سم
650 0 4 _aالسيرة النبوية
650 0 4 _aالادارة
650 0 4 _aادارة الافراد
650 0 4 _aاخلاق الرسول
650 0 4 _aادارة الاعمال - سلوك
942 _2ddc
_cBK
999 _c33242
_d33242